000 00385nam a2200133 a 4500
001 000030878
005 20200930062550.0
008 110602s1978 dr 000 0 spa d
040 _aDO-SdBNP
_bspa
_cBNPHU
245 0 0 _aObra literaria de José A. Santana /.
260 _aHigüey, República Dominicana :
_bGrupo Cultural Higüey,
_c1978.
300 _a158 p. ;
_c23 cm.
049 _aBNPD
999 _c30370
_d30370